000 00565nam a22001697a 4500
001 45637
003 BD-DhUET
008 260329b xxu||||| |||| 00| 0 eng d
040 _c0
_dBD-DhUET
100 _aAshraful Islam, Md.
245 _aExperimental study on wave interaction with pile-supported horizontal and inclined plate breakwater having vessel mooring facilities
260 _aDhaka
_bDepartment of Water Resources Engineering, BUET
_c2025
300 _axvii,124p.
501 _aOne CD-ROM
504 _aIncludes bibliographies
942 _cTH
999 _c45637
_d45637